[Event "FIDE World Blitz 2013"]
[Site "Khanty-Mansiysk RUS"]
[Date "2013.06.10"]
[Round "21.17"]
[White "Bologan,V"]
[Black "Khairullin,I"]
[Result "1-0"]
[WhiteElo "2672"]
[BlackElo "2658"]

1.e4 c5 2.Nf3 e6 3.d4 cxd4 4.Nxd4 Nc6 5.Nc3 Qc7 6.Be2 Nf6 7.Be3 a6 8.a3 d6
9.g4 b5 10.g5 Nd7 11.Nxc6 Qxc6 12.Qd4 Bb7 13.h4 Ne5 14.h5 Nc4 15.Bxc4 Qxc4
16.Qxc4 bxc4 17.O-O-O Be7 18.f4 O-O-O 19.Rhg1 Rd7 20.f5 Re8 21.g6 hxg6 22.fxg6 fxg6
23.Rxg6 Bf6 24.Na4 Bd8 25.e5 Bc6 26.Nb6+ Bxb6 27.Bxb6 Bf3 28.Rxd6 Bxh5 29.Rxd7 Kxd7
30.Rxg7+ Kc6 31.Bd4 Rd8 32.c3 Rf8 33.Kd2 Rf7 34.Rg8 Rb7 35.Kc1 Bf3 36.Rc8+ Rc7
37.Re8 Bd5 38.a4 Rh7 39.Rc8+ Kb7 40.Rd8 Rh1+ 41.Kd2 Rh2+ 42.Ke3 Rxb2 43.Rd7+ Kc8
44.Rd6 Kb7 45.a5 Rb5 46.Bb6 Rb3 47.Kd4 Rb5 48.Rd7+ Kb8 49.Rg7 Rb3 50.Rg3 Rb5
51.Rh3 Kb7 52.Rh7+ Kb8 53.Rd7 Kc8 54.Re7 Kb8 55.Rg7 Kc8 56.Rg3 Kb8 57.Ke3 Rb1
58.Rg8+ Kb7 59.Rg7+ Kb8 60.Kd4 Rb5 61.Rd7 Kc8 62.Re7 Kb8 63.Bc7+ Kc8 64.Bb6 Kb8
65.Ke3 Rb3 66.Kd4 Rb5 67.Rg7 Kc8 68.Rg1 Kb8 69.Rf1 Kc8 70.Ra1 Kb8 71.Bc5 Kb7
72.Bb4 Kc6 73.Rg1 Rb8 74.Rg7 Rh8 75.Ra7 Rh4+ 76.Ke3 Kb5 77.Rc7 Re4+ 78.Kd2 Rxe5
79.Rc5+ Ka4 80.Rc8 Rh5 81.Rc7 Rh3 82.Ra7 Kb5 83.Rc7 Rd3+ 84.Ke2 e5 85.Rc5+ Ka4
86.Rc7 Bf3+ 87.Kf2 Kb3 88.Ra7 e4 89.Rxa6 Rd2+ 90.Kg3 Rg2+ 91.Kf4 Rg4+ 92.Ke3 Rg7
93.Rd6 Ka4 94.Rd4 Kb5 95.Rd5+ Ka6 96.Rc5 Rd7 97.Rxc4 Rd3+ 98.Kf4 Bh1 99.Rc6+ Kb7
100.Rb6+ Kc7 101.Re6 Rf3+ 102.Ke5 e3 103.Kd4 Rh3 104.Bc5 Rh5 105.Bb6+ Kb7
106.Rxe3 Bc6 107.Re7+ Kb8 108.a6 Rd5+ 109.Kc4 Rd1 110.Rg7 Bd5+ 111.Kc5 Be6
112.Rb7+ Kc8 113.Re7 Bd7 114.Rg7 Be6 115.a7 Ra1 116.Rc7+ Kd8 117.Rb7+  1-0

[Event "FIDE World Blitz 2013"]
[Site "Khanty-Mansiysk RUS"]
[Date "2013.06.10"]
[Round "24.18"]
[White "Pasiev,R"]
[Black "Grachev,B"]
[Result "0-1"]
[WhiteElo "2384"]
[BlackElo "2683"]

1.e4 c5 2.Nf3 e6 3.d4 cxd4 4.Nxd4 Nc6 5.Nc3 Qc7 6.Be3 Nf6 7.Bd3 Nxd4 8.Bxd4 Bc5
9.Bxc5 Qxc5 10.O-O d6 11.Kh1 O-O 12.f4 Bd7 13.Qf3 Bc6 14.Qg3 Qb4 15.e5 dxe5
16.fxe5 Nh5 17.Qg5 g6 18.Rab1 Rad8 19.a3 Qc5 20.Rbe1 f5 21.Ne2 Rd7 22.Nf4 Nxf4
23.Rxf4 Qe7 24.Qg3 Rfd8 25.h4 Kg7 26.Ref1 Rd4 27.Rxd4 Rxd4 28.Rf4 Rd5 29.Rf2 h6
30.Bc4 Rd4 31.Rf4 Rd2 32.Rf2 Rd4 33.Rf4 Rd2 34.Rf2 Rd8 35.Qf4 g5 36.Qe3 b5
37.Be2 g4 38.Bd3 Qxh4+ 39.Kg1 g3 40.Rf3 Qh2+  0-1

[Event "FIDE World Blitz 2013"]
[Site "Khanty-Mansiysk RUS"]
[Date "2013.06.10"]
[Round "28.6"]
[White "Vallejo Pons,F"]
[Black "Movsesian,S"]
[Result "0-1"]
[WhiteElo "2706"]
[BlackElo "2699"]

1.e4 c5 2.Ne2 e6 3.d4 cxd4 4.Nxd4 Nc6 5.Nc3 Qc7 6.Be3 Nf6 7.Qf3 a6 8.O-O-O Bb4
9.Nxc6 Qxc6 10.Bd4 Bxc3 11.Bxc3 Qxe4 12.Qg3 Qg6 13.Qe5 O-O 14.Bd3 Qg4 15.f3 Qh5
16.Qg3 Ne8 17.f4 d6 18.Qf2 Bd7 19.g4 Qh3 20.Rhg1 Bc6 21.Rg3 Qh4 22.Re1 Bb5
23.Be4 d5 24.Bg2 Qe7 25.Bxd5 Rc8 26.f5 Rxc3 27.Rxc3 Qg5+ 28.Qd2 Qxd2+ 29.Kxd2 exd5
30.Re7 Bc6 31.h3 Nd6 32.Rd3 Rc8 33.b3 Kf8 34.Re5 Ne4+ 35.Kc1 f6 36.Re6 Nc5  0-1

[Event "FIDE World Blitz 2013"]
[Site "Khanty-Mansiysk RUS"]
[Date "2013.06.10"]
[Round "29.15"]
[White "Inarkiev,E"]
[Black "Khairullin,I"]
[Result "1-0"]
[WhiteElo "2680"]
[BlackElo "2658"]

1.e4 c5 2.Nf3 e6 3.d4 cxd4 4.Nxd4 Nc6 5.Nc3 Qc7 6.Be3 Nf6 7.f4 Qb6 8.e5 Ng4
9.Bg1 Qxb2 10.Ndb5 Bb4 11.Kd2 h5 12.a3 Bxc3+ 13.Nxc3 Na5 14.Rb1 Nb3+ 15.Kd3 Qxa3
16.Rxb3 Qa6+ 17.Kd2 Qc6 18.Nb5 O-O 19.Qf3 f6 20.h3 Nh6 21.exf6 Rxf6 22.Qxc6 dxc6
23.Nc7  1-0

[Event "2nd Grand Europe Open 2013"]
[Site "Golden Sands BUL"]
[Date "2013.06.11"]
[Round "2.16"]
[White "Grandelius,N"]
[Black "Sagar,S"]
[Result "1-0"]
[WhiteElo "2544"]
[BlackElo "2359"]

1.e4 c5 2.Nf3 e6 3.d4 cxd4 4.Nxd4 Nc6 5.Nc3 Qc7 6.Be3 a6 7.Qd2 Nf6 8.O-O-O Bb4
9.f3 Ne5 10.Nb3 b5 11.Qe1 Be7 12.f4 Ng6 13.e5 Ng4 14.Bd2 Bb7 15.Bd3 Rc8 16.Qe2 Nh6
17.Rhf1 O-O 18.Ne4 b4 19.Kb1 a5 20.Nd4 Bxe4 21.Qxe4 f6 22.exf6 Bxf6 23.f5 Nxf5
24.Nxf5 exf5 25.Rxf5 Be5 26.Rdf1 Rxf5 27.Rxf5 d6 28.Qd5+ Kh8 29.Rf7 Qc5 30.Qf3 Qg1+
31.Bc1 Qxh2 32.Qg4 Re8 33.Bxg6 hxg6 34.Rf3 Qg1 35.Qh4+  1-0

[Event "2nd Grand Europe Open 2013"]
[Site "Golden Sands BUL"]
[Date "2013.06.11"]
[Round "2.42"]
[White "Gochev,M"]
[Black "Arsovic,Z"]
[Result "0-1"]
[WhiteElo "2282"]
[BlackElo "2433"]

1.e4 c5 2.Nf3 e6 3.Nc3 Nc6 4.d4 cxd4 5.Nxd4 Qc7 6.g3 a6 7.Bg2 Nf6 8.O-O d6
9.Be3 Be7 10.f4 O-O 11.Nb3 Re8 12.g4 Nd7 13.g5 Rb8 14.Rf3 g6 15.Qe1 Bf8 16.Rh3 Bg7
17.Qh4 Nf8 18.f5 Bxc3 19.f6 h5 20.bxc3 Ne5 21.Kh1 Nfd7 22.Bg1 b5 23.Nd4 Kh7
24.Ne2 Bb7 25.Nf4 Rh8 26.Rf1 Qc4 27.Qe1 Nc5 28.Bd4 Bxe4 29.Bxe4 Nxe4 30.Nxh5 Kg8
31.Nf4 Nxg5 32.Rxh8+ Kxh8 33.Qh4+ Kg8 34.Rg1 Nh7 35.Qh6 Nxf6 36.Nxg6 Qd5+
37.Rg2 Nxg6 38.Kg1 Qh5 39.Qd2 Ne4  0-1

[Event "1st Golden Apricot 2013"]
[Site "Malatya TUR"]
[Date "2013.06.11"]
[Round "3"]
[White "Guliev,L"]
[Black "Bagaturov,G"]
[Result "1-0"]
[WhiteElo "2383"]
[BlackElo "2444"]

1.e4 c5 2.Nf3 e6 3.d4 cxd4 4.Nxd4 Nc6 5.Nc3 d6 6.Be3 Nf6 7.Be2 Be7 8.O-O O-O
9.Kh1 a6 10.a4 Qc7 11.f4 Rd8 12.Qe1 Nxd4 13.Bxd4 e5 14.Be3 exf4 15.Rxf4 Be6
16.Qf2 Nd7 17.Bd4 Bf6 18.Bxf6 Nxf6 19.Rf1 Nd7 20.Bg4 Ne5 21.Bf5 Bc4 22.Re1 Qe7
23.b3 Be6 24.Ne2 g6 25.Bxe6 fxe6 26.Nd4 Rf8 27.Rf1 Rxf4 28.Qxf4 Nd7 29.Qg4 Rf8
30.Rd1 Rf6 31.Nf3 Qf8 32.h3 Nc5 33.Nd2 Rf4 34.Qe2 Qf6 35.Re1 Qd4 36.Qe3 Qxe3
37.Rxe3 Rf2 38.Nc4 Rf1+ 39.Kh2 Rd1 40.e5 d5 41.Nd6 b6 42.Rc3 d4 43.Rc4 d3
44.cxd3 Nxd3 45.Rc8+ Kg7 46.Rc7+ Kh6 47.Nf7+ Kh5 48.Rd7 Nf2 49.Rxd1 Nxd1
50.g4+ Kh4 51.Nd8 Nf2 52.Nxe6 Nd3 53.Nc7 Nxe5 54.Nxa6 Nf3+ 55.Kg2 Ne1+ 56.Kf2 Nd3+
57.Ke3 Nc1 58.b4 Kxh3 59.a5 bxa5 60.b5 Na2 61.b6  1-0

[Event "15th Ajuinentornooi 2013"]
[Site "Aalst BEL"]
[Date "2013.06.12"]
[Round "9.11"]
[White "De Block,Yordi"]
[Black "Vanhuyse,Nele"]
[Result "0-1"]
[WhiteElo "1768"]
[BlackElo "1882"]

1.e4 c5 2.Nf3 e6 3.d4 cxd4 4.Nxd4 Nc6 5.Nc3 Qc7 6.Be3 a6 7.a3 Nf6 8.Be2 Be7
9.O-O Na5 10.Qd3 b5 11.a4 b4 12.Na2 Bb7 13.f3 d5 14.exd5 Nxd5 15.Bd2 Rd8
16.f4 Nf6 17.Bxb4 Rxd4 18.Qxd4 Nc6 19.Qc3 Qb6+ 20.Kh1 Nxb4 21.a5 Qc6 22.Qh3 Qxc2
23.Bd1 Qd3 24.Ba4+ Kf8 25.Qxd3 Nxd3 26.b4 Nd5 27.Bc2 N3xb4 28.Be4 Nxa2 29.Rxa2 f5
30.Bf3 Kf7 31.Rb2 Bc6 32.Re1 Rd8 33.Bh5+ g6 34.Be2 Bf6 35.Rc2 Rd6 36.Bc4 Bb5
37.Bxb5 axb5 38.g3 Ra6 39.Rc5 b4 40.Rb5 Ra7 41.Rc1 Bc3 42.Rc2 h6 43.Ra2 g5
44.fxg5 hxg5 45.a6 Bd4 46.Ra4 Kf6 47.Rb7 f4 48.gxf4 gxf4 49.Kg2 Kf5 50.Ra5 Ke4
51.Rxa7 Bxa7 52.Ra1 f3+ 53.Kg3 f2 54.Rf1 Kd3 55.h4 Ke2 56.Kg2 Ne3+ 57.Kh1 Nxf1  0-1

[Event "2nd Grand Europe Open 2013"]
[Site "Golden Sands BUL"]
[Date "2013.06.12"]
[Round "3.4"]
[White "Nabaty,T"]
[Black "Swapnil,SD"]
[Result "1-0"]
[WhiteElo "2579"]
[BlackElo "2469"]

1.e4 c5 2.Nf3 e6 3.d4 cxd4 4.Nxd4 Nc6 5.Nc3 Qc7 6.Be3 a6 7.Qf3 b5 8.Qg3 Qxg3
9.hxg3 Bb7 10.Nxc6 Bxc6 11.Bd3 Nf6 12.f3 d6 13.g4 Nd7 14.a4 b4 15.Ne2 d5
16.exd5 Bxd5 17.O-O-O Bc5 18.Bxc5 Nxc5 19.Nf4 Bc6 20.b3 Ke7 21.Rh5 Nd7 22.Rdh1 Nf6
23.Rc5 Kd6 24.Rc4 a5 25.g5 Nd5 26.Nxd5 Bxd5 27.Rch4 h6 28.Kd2 Rhg8 29.gxh6 gxh6
30.R1h2 Ke7 31.Rxh6 Rad8 32.Ke3 Rg5 33.R6h5 Rxh5 34.Rxh5 Kf6 35.g4 Rg8 36.Be4 Rc8
37.g5+ Ke7 38.Bd3 Kd6 39.f4 Re8 40.Rh6 Kc5 41.Bb5 Rg8 42.Bd3 Re8 43.Rf6 Re7
44.Be2 Bc6 45.Bh5 Be8 46.Rh6 Kd6 47.Rh8 Kd7 48.Ke4 Kd6 49.Kd4 Bc6 50.Rd8+ Bd7
51.Ra8 Bc6 52.Rxa5 Rc7 53.Be2 Rc8 54.Ra6 Ke7 55.Ra7+ Kf8 56.Ke5  1-0

[Event "8th Tal Mem Blitz"]
[Site "Moscow RUS"]
[Date "2013.06.12"]
[Round "5"]
[White "Anand,V"]
[Black "Andreikin,D"]
[Result "1-0"]
[WhiteElo "2786"]
[BlackElo "2713"]

1.e4 c5 2.Nf3 e6 3.d4 cxd4 4.Nxd4 Nc6 5.Nc3 d6 6.Be3 Nf6 7.Qd2 Be7 8.f3 O-O
9.O-O-O a6 10.g4 Nxd4 11.Bxd4 b5 12.g5 Nd7 13.h4 b4 14.Ne2 a5 15.f4 Bb7 16.Ng3 Qc7
17.Kb1 a4 18.Qxb4 Rfc8 19.Bd3 Nc5 20.Qd2 d5 21.e5 Ne4 22.Bxe4 dxe4 23.Rhe1 Bd5
24.Nxe4 Qc4 25.Nc3 Bf3 26.Qd3 Bxd1 27.Rxd1 Qc6 28.Ne4 Rab8 29.h5 Rd8 30.Qe3 Qb5
31.Rd3 Qc4 32.Nd6 Qd5 33.Ba7 Qh1+ 34.Qc1 Qxc1+ 35.Kxc1 Rb4 36.Be3 f6 37.a3 Rbb8
38.c4 fxe5 39.fxe5 Rf8 40.c5 Rf3 41.Kc2 Ra8 42.Bd2 Rf2 43.Kc3 Ra6 44.Kc4 Rf8
45.Kb5 Raa8 46.Kc6 Rfd8 47.g6 Rab8 48.Ba5 Rf8 49.Bb6 Rf2 50.Kd7 Bg5 51.b4 axb3
52.Rxb3 hxg6 53.hxg6 Rff8 54.a4 Bf4 55.Kxe6 Ra8 56.a5 Bh2 57.c6 Rf1 58.c7 Re1
59.Rb5  1-0

[Event "8th Tal Mem Blitz"]
[Site "Moscow RUS"]
[Date "2013.06.12"]
[Round "9"]
[White "Caruana,F"]
[Black "Andreikin,D"]
[Result "0-1"]
[WhiteElo "2774"]
[BlackElo "2713"]

1.e4 c5 2.Nf3 e6 3.d4 cxd4 4.Nxd4 Nc6 5.Nc3 d6 6.g4 h6 7.Be3 Nf6 8.f3 d5
9.Bb5 Bd7 10.Bxc6 Bxc6 11.e5 Nd7 12.f4 Bb4 13.Qd2 Nc5 14.Nxc6 bxc6 15.Qd4 Rb8
16.a3 Bxc3+ 17.Qxc3 Qh4+ 18.Bf2 Qxf2+ 19.Kxf2 Ne4+ 20.Ke3 Nxc3 21.bxc3 Kd7
22.Rab1 Rb6 23.Rb4 c5 24.Ra4 a6 25.f5 h5 26.h4 c4 27.g5 exf5 28.Kd4 Ke6 29.Rb4 Rhb8
30.Rhb1 Rxb4 31.axb4 Rb6 32.Ra1 g6 33.Ra5 f4 34.Rxd5 f3 35.Ke4 f2 36.Rd1 Rb5
37.Rd6+ Ke7 38.Rf6 a5 39.bxa5 Rxa5 40.Rxf2 Ra1 41.Kd4 Rg1 42.Rf4 Rg4 43.Ke3 Ke6
44.Rf6+ Kxe5 45.Rxf7 Rxh4 46.Rf6 Rh3+ 47.Kd2 Rh2+ 48.Kd1 Rg2 49.Rxg6 Kf5
50.Rc6 h4 51.Ke1 h3 52.Kf1 Rxc2 53.Rxc4 Rc1+  0-1

[Event "17th Voronezh Master Open"]
[Site "Voronezh RUS"]
[Date "2013.06.12"]
[Round "1.8"]
[White "Onischuk,V"]
[Black "Oganian,M"]
[Result "1/2-1/2"]
[WhiteElo "2581"]
[BlackElo "2317"]

1.e4 c5 2.Nf3 Nc6 3.Nc3 e6 4.d4 cxd4 5.Nxd4 Qc7 6.Be2 Nf6 7.O-O Be7 8.Be3 O-O
9.f4 d6 10.Kh1 Nxd4 11.Qxd4 b6 12.f5 Bb7 13.fxe6 fxe6 14.Bc4 d5 15.exd5 Bc5
16.Qf4 Qxf4 17.Bxf4 exd5 18.Bb3 Kh8 19.h3 d4 20.Nb5 Nd5 21.Bd6 Rxf1+ 22.Rxf1 Ne3
23.Rf2 Bc6 24.Bxc5 bxc5 25.Nd6 h6 26.Kh2 Kh7 27.Rf7 Rd8 28.Nf5 c4 29.Bxc4 Nxc4
30.Rxg7+ Kh8 31.Rxa7 Ne3 32.Ra6 Nxf5 33.Rxc6 Kg7 34.a4 Ra8 35.b3 Ne3 36.Kg3 Nd5
37.Kf3 Re8 38.a5 Re3+ 39.Kf2 Nc3 40.a6 Re2+ 41.Kf3 Rxc2 42.Rd6 Nb5 43.Rb6 Nc3
44.Rd6 Ra2 45.g4 Ra3 46.Rxd4 Rxa6 47.Rc4 Rf6+ 48.Ke3 Nd1+ 49.Kd4 Nf2 50.Rc3 Kg6
51.Kd5 Kg5 52.b4 Kh4 53.b5 Rb6 54.Rb3 Nxh3 55.Kc5 Rb8 56.b6 Nf4 57.Kd6 Rd8+
58.Ke7 Rb8 59.Kd6 Kxg4 60.b7 h5 61.Kc7 Rxb7+ 62.Kxb7 h4 63.Kc6 h3 64.Rxh3 Nxh3  1/2-1/2

[Event "17th Voronezh Master Open"]
[Site "Voronezh RUS"]
[Date "2013.06.13"]
[Round "2.1"]
[White "Yagupov,I"]
[Black "Korneev,O"]
[Result "0-1"]
[WhiteElo "2428"]
[BlackElo "2617"]

1.e4 c5 2.Nf3 e6 3.d4 cxd4 4.Nxd4 Nc6 5.Nc3 Qc7 6.Be3 a6 7.Qd2 Nf6 8.O-O-O Bb4
9.f3 O-O 10.a3 Be7 11.g4 b5 12.g5 Nh5 13.Nce2 Rd8 14.Rg1 b4 15.axb4 Nxb4
16.Ng3 Nxg3 17.hxg3 Qa5 18.Nb3 Qa4 19.Bb6 Re8 20.Qd4 Bb7 21.Ba5 e5 22.Qe3 d5
23.Bxb4 d4 24.Qd3 Qxb4 25.f4 a5 26.Qb5 a4 27.Nd2 a3 28.Qxb4 Bxb4 29.bxa3 Rxa3
30.Nb1 Re3 31.fxe5 Bxe4 32.Bg2 Bxg2 33.Rxg2 Bc3 34.Rgg1 g6 35.Rd3 R8xe5 36.Nxc3 Rxd3
37.cxd3 Rc5 38.Kd2 Rxc3 39.Ra1 Rc5 40.Ra8+ Kg7 41.Ke1  0-1

[Event "2nd Grand Europe Open 2013"]
[Site "Golden Sands BUL"]
[Date "2013.06.14"]
[Round "5.47"]
[White "Janev,P"]
[Black "Cvetkovic,Sr"]
[Result "0-1"]
[WhiteElo "2223"]
[BlackElo "2387"]

1.e4 c5 2.Nf3 e6 3.d4 cxd4 4.Nxd4 Nc6 5.Nc3 a6 6.Be3 Nf6 7.Bd3 Qc7 8.Qe2 Bd6
9.g3 Be5 10.Nf3 Bxc3+ 11.bxc3 d6 12.Nd2 Ne5 13.c4 Ned7 14.f3 Nc5 15.Nb3 b6
16.g4 e5 17.Qg2 Be6 18.Nxc5 bxc5 19.Bd2 O-O 20.h4 Nd7 21.h5 Nb6 22.Qe2 Qc6
23.h6 g6 24.Rb1 Rab8 25.O-O Qa4 26.f4 exf4 27.Qf2 Nxc4 28.Rxb8 Rxb8 29.Qxf4 Nxd2
30.Qf6 Qd4+  0-1

[Event "17th Petr Izmailov"]
[Site "Tomsk RUS"]
[Date "2013.06.14"]
[Round "4.20"]
[White "Khanin,S"]
[Black "Permyakov,Evgeniy"]
[Result "1/2-1/2"]
[WhiteElo "2244"]
[BlackElo "2103"]

1.e4 c5 2.Nf3 Nc6 3.d4 cxd4 4.Nxd4 e6 5.Nc3 Qc7 6.Be3 a6 7.Bd3 b5 8.O-O Bb7
9.f4 Nxd4 10.Bxd4 Bc5 11.Bxc5 Qxc5+ 12.Kh1 b4 13.Na4 Qc6 14.c3 Nf6 15.Re1 d5
16.cxb4 Nxe4 17.Bxe4 dxe4 18.Nc5 Rd8 19.Qc2 f5 20.Rac1 Kf7 21.Nxe4 fxe4 22.Qxc6 Bxc6
23.Rxc6 Rd4 24.a3 Rhd8 25.h3 Rd1 26.Rc1 Rxc1 27.Rxc1 Rd2 28.Re1 Rxb2 29.Rxe4 Rb3
30.a4 Kf6 31.Kg1 Rb2 32.Kh2 Rb3 33.Rc4 h6 34.Re4 g5 35.Rc4 Kf5 36.fxg5 hxg5
37.h4 gxh4 38.Rxh4 e5 39.Rh6 Rxb4 40.Rxa6 e4 41.Kg3 Rb3+ 42.Kh4 e3 43.g4+ Kf4
44.Rf6+ Ke5 45.Rf8 Rb4 46.Re8+ Kf4 47.Rf8+ Ke5 48.Kg3 Rxa4 49.Re8+ Kf6 50.Rxe3 Ra6
51.Kh4 Kg6 52.Re8 Rb6 53.Rg8+ Kh7  1/2-1/2

[Event "Kings Place Rapid 2013"]
[Site "London ENG"]
[Date "2013.06.15"]
[Round "6.2"]
[White "Dgebuadze,A"]
[Black "Lalic,B"]
[Result "1-0"]
[WhiteElo "2512"]
[BlackElo "2489"]

1.e4 c5 2.Nf3 Nc6 3.d4 cxd4 4.Nxd4 e6 5.Nc3 a6 6.g3 d6 7.Bg2 Bd7 8.Nde2 Qc7
9.a4 Nf6 10.h3 Be7 11.O-O O-O 12.g4 h6 13.Ng3 Rfe8 14.f4 Bf8 15.h4 g6 16.g5 hxg5
17.hxg5 Nh7 18.Bf3 b5 19.Kg2 b4 20.Nce2 Bg7 21.Rh1 Rac8 22.Qg1 Na5 23.Bd2 Nc4
24.Bxb4 Nxb2 25.e5 dxe5 26.Rxh7 Kxh7 27.Qh2+ Kg8 28.Rh1 f5 29.gxf6 Kf7 30.fxg7 Rg8
31.Ne4 Ra8  1-0

[Event "7th Srebrno Jezero Open 2013"]
[Site "Srebrno jezero SRB"]
[Date "2013.06.15"]
[Round "3.4"]
[White "Savicevic,V"]
[Black "Rajkovic,Du"]
[Result "1/2-1/2"]
[WhiteElo "2327"]
[BlackElo "2386"]

1.e4 c5 2.Nf3 e6 3.Nc3 Nc6 4.d4 cxd4 5.Nxd4 Qc7 6.Ndb5 Qb8 7.Be3 a6 8.Bb6 axb5
9.Nxb5 Bb4+ 10.c3 Ba5 11.Nc7+ Qxc7 12.Bxc7 Bxc7 13.Qg4 Be5 14.f4 Nf6 15.Qf3 Bc7
16.e5 Nd5 17.Bc4 Nce7 18.g3 O-O 19.O-O-O f6 20.exf6 Nxf6 21.Bb3 d5 22.Rde1 Bd7
23.Rhf1 Ra6 24.Qd3 Rd6 25.Re5 Be8 26.Qe2 Bf7 27.Bc2 Ra6 28.a3 Rc6 29.Ba4 Ra6
30.Bb5 Rd6 31.Re1 Nc6 32.Bd3 Rd7 33.Rxe6 Bxe6 34.Qxe6+ Rdf7 35.Kc2 g6 36.Qh3 Kg7
37.b4 Re8 38.Rxe8 Nxe8 39.Qe6 Nf6 40.a4 d4 41.b5 Nd8 42.Qc4 dxc3 43.Qxc3 Bb6
44.Kb1 Rc7 45.Qe5 Nf7 46.Qe6 Bg1 47.a5 Rd7 48.Be2 Nd8 49.Qc4 Bxh2 50.g4 Bg1
51.g5 Nd5 52.Qc8 Rd6 53.Bf3 Nxf4 54.Qc7+ Nf7 55.Qxb7 Rd2 56.Qe4 Nd3 57.a6 Bb6
58.Qd5 Be3 59.Qe4 Bb6 60.Qd5 Be3  1/2-1/2

[Event "2nd Grand Europe Open 2013"]
[Site "Golden Sands BUL"]
[Date "2013.06.16"]
[Round "7.14"]
[White "Sanal,V"]
[Black "Iturrizaga,E"]
[Result "1/2-1/2"]
[WhiteElo "2409"]
[BlackElo "2645"]

1.e4 c5 2.Nf3 e6 3.d4 cxd4 4.Nxd4 Nc6 5.Nc3 Qc7 6.Be3 a6 7.Qd2 Nf6 8.O-O-O Bb4
9.f3 O-O 10.g4 b5 11.g5 Nh5 12.Kb1 Nxd4 13.Bxd4 Bb7 14.a3 Be7 15.Ne2 f5 16.gxf6 Bxf6
17.Bxf6 Nxf6 18.Nd4 Nh5 19.Rg1 Nf4 20.Bd3 Qe5 21.Ne2 d5 22.Qe3 Nxe2 23.Qxe2 Rf4
24.Qe3 d4 25.Qe2 Raf8 26.Rg3 Qf6 27.Rdg1 Rf7 28.e5 Qh6 29.Qd2 Bd5 30.Qa5 Rxf3
31.Qd8+ Rf8 32.Rxg7+ Qxg7 33.Rxg7+ Kxg7 34.Qg5+ Kh8 35.b3 Rh3 36.Qe7 Rf2
37.Qd8+ Kg7 38.Qe7+ Kg8 39.Qd8+ Rf8 40.Qg5+ Kh8 41.Qe7 Rf2 42.Qd8+ Kg7 43.Qe7+ Kg8
44.Qg5+ Kf7 45.Qg4 Rhxh2 46.Qxd4 h5 47.Qa7+ Kf8 48.Kb2 Rf7 49.Qe3 h4 50.Qg5 h3
51.Qd8+ Kg7 52.Qg5+ Kf8 53.Qh4 Rf3 54.Qd8+ Kg7 55.Qd7+ Kf8 56.Qd8+ Kg7 57.Qe7+ Kh6
58.Qh4+ Kg7 59.Qe7+ Kh6 60.Qh4+  1/2-1/2

[Event "ch-FIN 2013"]
[Site "Mantta FIN"]
[Date "2013.06.16"]
[Round "7.4"]
[White "Ahvenjarvi,Jani"]
[Black "Maki Uuro,Mi"]
[Result "1/2-1/2"]
[WhiteElo "2269"]
[BlackElo "2336"]

1.e4 c5 2.Nf3 e6 3.Nc3 Nc6 4.d4 cxd4 5.Nxd4 Qc7 6.Be3 a6 7.Bd3 Nf6 8.O-O Nxd4
9.Bxd4 Bc5 10.Bxc5 Qxc5 11.Kh1 d6 12.f3 e5 13.Qd2 Be6 14.a4 O-O 15.a5 Qc7
16.Rfe1 Rad8 17.Qe3 Rfe8 18.Bf1 h6  1/2-1/2

[Event "7th Srebrno Jezero Open 2013"]
[Site "Srebrno jezero SRB"]
[Date "2013.06.16"]
[Round "4.12"]
[White "Brankovic,Vladislav"]
[Black "Andrejic,V"]
[Result "1/2-1/2"]
[WhiteElo "1855"]
[BlackElo "2199"]

1.e4 c5 2.Nf3 e6 3.d4 cxd4 4.Nxd4 Nc6 5.Nc3 Qc7 6.Be3 a6 7.Be2 Nf6 8.a3 b5
9.O-O Bb7 10.f3 h5 11.Nxc6 Bxc6 12.Qd3 d5 13.exd5 Nxd5 14.Nxd5 Bxd5 15.Qd2 Bd6
16.f4 g6 17.Bf3 Bxf3 18.Rxf3 O-O 19.Bd4 Rfd8 20.Qf2 Rac8 21.c3 Bc5 22.Rd3 Rd5
23.Rad1 Rcd8 24.Kh1 R8d7 25.Qe3 Qd8 26.h3 R7d6 27.Kh2 Qd7 28.Qe4 Kh7 29.g4 f5
30.Qe3 fxg4 31.hxg4 hxg4 32.Kg2 Bxd4 33.Rh1+ Rh5 34.Rxh5+ gxh5 35.Qe4+ Kg7
36.cxd4 Qc6 37.d5 Rxd5 38.Rd4 Rc5 39.Kg3 Qxe4 40.Rxe4 Kf6 41.Kh4 Kf5 42.Re2 Kxf4
43.Rxe6 a5 44.b4 axb4 45.axb4 Re5 46.Rb6 Kf3 47.Rxb5 Re4 48.Rxh5 Rxb4 49.Rb5 Re4
50.Rb3+ Kf4 51.Rg3 Kf5 52.Rg1 Rf4 53.Kg3 Rf3+ 54.Kg2 Kg5 55.Rb1 Ra3 56.Rb8 Ra2+
57.Kg3 Ra3+ 58.Kg2 Ra5 59.Rg8+ Kf4 60.Rf8+ Rf5 61.Rxf5+ Kxf5 62.Kg3 Kg5 63.Kg2 Kf4
64.Kf2 g3+ 65.Kg2 Kg4 66.Kg1 Kh4 67.Kg2 Kg4 68.Kg1 Kf3 69.Kf1 g2+ 70.Kg1 Kg3  1/2-1/2

[Event "16th Heraklion Open A 2013"]
[Site "Athens GRE"]
[Date "2013.06.17"]
[Round "2.7"]
[White "Kalofonos,P"]
[Black "Nikolaou,G"]
[Result "0-1"]
[WhiteElo "1875"]
[BlackElo "2268"]

1.e4 c5 2.Nf3 e6 3.Nc3 Nc6 4.d4 cxd4 5.Nxd4 Qc7 6.Be3 a6 7.Qd2 Nf6 8.O-O-O Bb4
9.f3 O-O 10.g4 b5 11.g5 Ne8 12.h4 Ne5 13.f4 Ng4 14.Rg1 Nxe3 15.Qxe3 Bb7 16.h5 Rc8
17.Rg3 e5 18.fxe5 Qxe5 19.Nd5 Bc5 20.Kb1 Nd6 21.Nf6+ gxf6 22.gxf6+ Kh8 23.Qh6 Qxg3
24.Ne2 Be3 25.Qxf8+ Rxf8 26.Nxg3 Bf4 27.Ne2 Be5 28.Bh3 Bc6 29.Nc3 Bxc3 30.Rxd6 Be5
31.Rd3  0-1

[Event "2nd Grand Europe Open 2013"]
[Site "Golden Sands BUL"]
[Date "2013.06.17"]
[Round "8.29"]
[White "Karthikeyan,M2"]
[Black "Velcheva,M"]
[Result "1-0"]
[WhiteElo "2435"]
[BlackElo "2262"]

1.e4 c5 2.Nf3 e6 3.d4 cxd4 4.Nxd4 Nc6 5.Nc3 Qc7 6.Be2 a6 7.O-O Nf6 8.Be3 Bb4
9.Na4 Be7 10.Nxc6 bxc6 11.Nb6 Rb8 12.Nxc8 Qxc8 13.e5 Nd5 14.Bc1 c5 15.Qd3 O-O
16.Qxa6 Qc7 17.f4 f6 18.exf6 Rxf6 19.g3 Nb4 20.Qa4 d5 21.c3 Nc6 22.Qc2 Qb6
23.Kh1 c4 24.Rb1 Rff8 25.Bd2 Qc5 26.Bg4 Qd6 27.b3 cxb3 28.axb3 Bf6 29.Rbe1 Rfe8
30.Bf3 Qc5 31.Qd3 d4 32.c4 Nb4 33.Qe4 g6 34.Ra1 Qd6 35.Ra4 Rb6 36.Rc1 Qc5
37.Rca1 Rbb8 38.Ra8 Qd6 39.c5 Qxc5 40.Rxb8 Rxb8 41.Qxe6+ Kg7 42.Re1 Rd8 43.g4 Rd6
44.Qe4 Nc2 45.Qb7+ Kf8 46.Rf1 Kg8 47.g5 Bd8 48.Qe4 Ne3 49.Rc1 Qb6 50.Qe8+ Kg7
51.Qe5+ Kf8 52.Qh8+ Kf7 53.Qxh7+ Kf8 54.b4 Nf5 55.Qh8+ Ke7 56.Re1+ Kd7 57.Qe8+ Kc7
58.Rc1+ Kb8 59.Ra1 Kc7 60.Qa4 Kc8 61.Rc1+ Bc7 62.b5 Ne7 63.Qa5 Rc6 64.Rxc6  1-0

[Event "8th Teplice Open 2013"]
[Site "Teplice CZE"]
[Date "2013.06.17"]
[Round "3.1"]
[White "Mamedov,Nid"]
[Black "Plat,V"]
[Result "1-0"]
[WhiteElo "2602"]
[BlackElo "2445"]

1.e4 c5 2.Nf3 e6 3.d4 cxd4 4.Nxd4 Nc6 5.Nc3 a6 6.Nxc6 bxc6 7.Bd3 d5 8.O-O Bd6
9.Re1 Ne7 10.a3 e5 11.Na4 O-O 12.c4 f5 13.exd5 cxd5 14.cxd5 e4 15.Bf1 Bb7
16.Be3 Qe8 17.Nb6 Rd8 18.Nc4 Qg6 19.Nxd6 Qxd6 20.Rc1 Bxd5 21.Bc5 Qe6 22.Qa4 Ra8
23.Red1 Rfc8 24.Rc3 Rd8 25.Be3 Ng6 26.Rc7 Bb3 27.Rxd8+ Rxd8 28.Qb4 Ne5 29.Re7 Nf3+
30.Kh1 a5 31.Qb7 Bd5 32.Rxg7+ Kf8 33.Bc5+ Rd6 34.Qc7  1-0

[Event "8th Teplice Open 2013"]
[Site "Teplice CZE"]
[Date "2013.06.17"]
[Round "3.46"]
[White "Ksana,V"]
[Black "Skuthan,Jiri"]
[Result "1-0"]
[WhiteElo "2106"]
[BlackElo "1826"]

1.e4 c5 2.Nf3 e6 3.d4 cxd4 4.Nxd4 Nc6 5.Nc3 a6 6.Be3 d6 7.Qd2 Nf6 8.O-O-O Be7
9.Be2 Nxd4 10.Qxd4 Qc7 11.Qb6 Qxb6 12.Bxb6 Kd7 13.e5 Ne8 14.Na4 Bg5+ 15.Kb1 Bf4
16.exd6 Nxd6 17.g3 Bg5 18.Bc5 Be7 19.Bxd6 Bxd6 20.Nb6+ Kc6 21.Nxa8 Rd8 22.Bf3+ Kc5
23.Rd3  1-0

[Event "16th Heraklion Open A 2013"]
[Site "Athens GRE"]
[Date "2013.06.18"]
[Round "3.1"]
[White "Gazis,Ef"]
[Black "Zygouris,H"]
[Result "1-0"]
[WhiteElo "2262"]
[BlackElo "2219"]

1.e4 c5 2.Nf3 Nc6 3.Nc3 e6 4.d4 cxd4 5.Nxd4 Qc7 6.Be3 a6 7.Be2 Nf6 8.a3 b5
9.Nxc6 dxc6 10.f4 Bb7 11.Bf3 c5 12.e5 Rd8 13.Qe2 Nd5 14.Nxd5 Bxd5 15.Bxd5 Rxd5
16.a4 c4 17.axb5 axb5 18.Ra8+ Rd8 19.Rxd8+ Qxd8 20.O-O Be7 21.b3 Qc8 22.bxc4 bxc4
23.h3 O-O 24.Kh2 Qc7 25.Ra1 Qc6 26.Ra7 Bb4 27.Bd4 c3 28.Be3 Rd8 29.Kg3 g6
30.Qf3 Rd5 31.Qe4 Bf8 32.Ra4 Qb5 33.Ra8 Kg7 34.f5 Rxe5 35.Bd4 Bd6 36.fxg6 fxg6
37.Bxe5+ Bxe5+ 38.Kf2 Qb6+ 39.Kf3 Bf6 40.Re8 Kf7 41.Rc8 Qd6 42.Qd3 Qe5 43.Qd7+ Be7
44.Qe8+ Kf6 45.Qh8+  1-0

[Event "12th TCh-BIH Prem"]
[Site "Sarajevo BIH"]
[Date "2013.06.18"]
[Round "4.2"]
[White "Nestorovic,N"]
[Black "Perunovic,Mil"]
[Result "1-0"]
[WhiteElo "2405"]
[BlackElo "2628"]

1.e4 c5 2.Nf3 Nc6 3.d4 cxd4 4.Nxd4 e6 5.Nc3 Qc7 6.Be3 a6 7.Qd2 Nf6 8.O-O-O Bb4
9.f3 O-O 10.g4 b5 11.g5 Nh5 12.Nxc6 dxc6 13.f4 e5 14.f5 Nf4 15.Qf2 Re8 16.Ne2 Bf8
17.Bb6 Nxe2+ 18.Bxe2 Qe7 19.f6 Qb4 20.fxg7 Bxg7 21.Rhf1 Be6 22.Bh5 Rf8 23.Qe3 Qa4
24.a3 b4 25.Bc5 bxa3 26.Bxa3 c5 27.Qf3 Rab8 28.Bg4 Qc4 29.b3 Qb5 30.Bxe6 fxe6
31.Qd3 Qxd3 32.Rxf8+ Rxf8 33.Rxd3 Rf1+ 34.Rd1 Rf4 35.Bxc5 Rxe4 36.Rd6 a5
37.Rxe6 Re1+ 38.Kd2 Rh1 39.Ra6 Rxh2+ 40.Kd3 e4+ 41.Kxe4 Rxc2 42.Rxa5 Kf7
43.Kf5 Re2 44.Ra7+ Kg8 45.b4 Re5+ 46.Kf4 Rd5 47.Rc7 Bc3 48.b5 Ba5 49.b6 Rxc5
50.Rxc5 Bxb6 51.Rd5 Bf2 52.Rd7 Bc5 53.Kg4 Bb4 54.Kh5 Bc5 55.Kg4 Ba3 56.Kf5 Bb2
57.Rb7 Bc3 58.Kg4 Bd4 59.Kh5 Bc5 60.Rb5 Ba3 61.Rf5 Kg7 62.Rf3 Bb4 63.Rb3 Bc5
64.Rb5 Ba3 65.Kg4 Bc1 66.Kf5 Bd2 67.Rc5 Be3 68.Rc4 Bf2 69.Rc7+ Kg8 70.g6 h6
71.g7 Kh7 72.g8=Q+ Kxg8 73.Kg6  1-0